Normal view
MARC view
- Husseinali, Ghassan
Entry Personal Name
001 - CONTROL NUMBER
- control field: 6194
003 - CONTROL NUMBER IDENTIFIER
- control field: JO-AjAnu
005 - DATE AND TIME OF LATEST TRANSACTION
- control field: 20230606071314.0
008 - FIXED-LENGTH DATA ELEMENTS
- fixed length control field: 230606|| aca||aabn | a|a d
040 ## - CATALOGING SOURCE
- Original cataloging agency: JO-AjAnu
- Transcribing agency: JO-AjAnu
100 ## - HEADING--PERSONAL NAME
- Personal name: Husseinali, Ghassan
670 ## - SOURCE DATA FOUND
- Source citation: Work cat.: (JO-AjAnu)3210: Husseinali, Ghassan, author, Arabic L2Interlanguage:Synactic sequenes,agreement,and variation